[Event "TCh-POL Ekstraliga 2018"]
[Site "Poland POL"]
[Date "2018.06.09"]
[Round "2.2"]
[Board "6"]
[White "Przezdziecka, Ewa"]
[Black "Szczepkowska, Karina"]
[Result "0-1"]
[WhiteTitle "WFM"]
[BlackTitle "IM"]
[WhiteElo "2165"]
[BlackElo "2412"]
[WhiteTeam "Bialy Krol Wisznia Mala"]
[BlackTeam "KSz Stilon Gorzow Wlkp."]
[WhiteFideId "1125591"]
[BlackFideId "1122681"]
[EventDate "2018.06.08"]

1. d4 Nf6 2. Nf3 d6 3. Bf4 g6 4. e3 Bg7 5. h3 O-O 6. Be2 Nfd7 7. c3 e5 8. Bh2
Nc6 9. dxe5 dxe5 10. O-O Qe7 11. Na3 a6 12. e4 Nc5 13. Qc2 b5 14. Nb1 f5 15.
Nfd2 Be6 16. b4 Na4 17. a3 Rad8 18. Re1 Kh8 19. f3 Qg5 20. Kh1 Rd7 21. exf5 gxf5
22. f4 Qh6 23. Nf3 e4 24. Ne5 Nxe5 25. fxe5 Nb6 26. a4 Nc4 27. axb5 axb5 28. Ra6
Nxe5 29. Bxb5 Rdd8 30. Qc1 Qg6 31. Qf4 Qf7 32. Bf1 c6 33. Ra5 Nd3 34. Bxd3 Rxd3
35. Rc5 Rfd8 36. Rxc6 Rd1 37. Qh4 Bb3 38. Rc7 Qf6 39. Bg3 Qxh4 40. Bxh4 Rxe1+
41. Bxe1 Rd1 42. Rc8+ Bg8 0-1

[Event "TCh-POL Ekstraliga 2018"]
[Site "Poland POL"]
[Date "2018.06.09"]
[Round "2.3"]
[Board "1"]
[White "Moranda, Wojciech"]
[Black "Antoniewski, Rafal"]
[Result "1/2-1/2"]
[WhiteTitle "GM"]
[BlackTitle "GM"]
[WhiteElo "2601"]
[BlackElo "2521"]
[WhiteTeam "WIEZA PEGOW"]
[BlackTeam "LKS Wrzos Miedzyborow"]
[WhiteFideId "1122401"]
[BlackFideId "1111078"]
[EventDate "2018.06.08"]

1. d4 Nf6 2. c4 e6 3. Nf3 b6 4. a3 Bb7 5. Nc3 d5 6. Bg5 Be7 7. Qa4+ Qd7 8. Qc2
dxc4 9. e3 Nd5 10. Ne5 Qd8 11. Bxe7 Qxe7 12. Bxc4 Nxc3 13. Qxc3 O-O 14. O-O Nd7
15. Nxd7 Qxd7 16. Rfc1 a5 17. Bf1 Rfc8 18. b4 axb4 19. axb4 Rxa1 20. Rxa1 Ra8
21. Rc1 Rc8 22. Ra1 Ra8 23. Rc1 Rc8 24. Ra1 1/2-1/2

[Event "TCh-POL Ekstraliga 2018"]
[Site "Poland POL"]
[Date "2018.06.09"]
[Round "2.3"]
[Board "2"]
[White "Cyborowski, Lukasz"]
[Black "Plat, Vojtech"]
[Result "1/2-1/2"]
[WhiteTitle "GM"]
[BlackTitle "GM"]
[WhiteElo "2514"]
[BlackElo "2551"]
[WhiteTeam "LKS Wrzos Miedzyborow"]
[BlackTeam "WIEZA PEGOW"]
[WhiteFideId "1108760"]
[BlackFideId "325740"]
[EventDate "2018.06.08"]

1. c4 e5 2. g3 Nf6 3. Bg2 d5 4. cxd5 Nxd5 5. Nf3 Nc6 6. O-O Nb6 7. b3 Be7 8. Bb2
f6 9. d4 exd4 10. Qc1 O-O 11. Rd1 Bd6 12. Nxd4 Nxd4 13. Bxd4 Qe7 14. Nc3 Ba3 15.
Qc2 c6 16. Nb1 Bd6 17. Nc3 Ba3 18. Nb1 Bd6 19. Nc3 1/2-1/2

[Event "TCh-POL Ekstraliga 2018"]
[Site "Poland POL"]
[Date "2018.06.09"]
[Round "2.3"]
[Board "3"]
[White "Dziuba, Marcin"]
[Black "Nurkiewicz, Maciej"]
[Result "1-0"]
[WhiteTitle "GM"]
[WhiteElo "2577"]
[BlackElo "2370"]
[WhiteTeam "WIEZA PEGOW"]
[BlackTeam "LKS Wrzos Miedzyborow"]
[WhiteFideId "1112953"]
[BlackFideId "1107046"]
[EventDate "2018.06.08"]

1. d4 Nf6 2. c4 e6 3. Nf3 Bb4+ 4. Nbd2 b6 5. a3 Bxd2+ 6. Qxd2 Bb7 7. e3 O-O 8.
Be2 d6 9. O-O Nbd7 10. b4 Ne4 11. Qc2 f5 12. d5 e5 13. Nd2 Nxd2 14. Bxd2 Qh4 15.
f4 Qe7 16. Bd3 g6 17. Rae1 Qg7 18. Bc3 Rae8 19. Ba1 Re7 20. Qb3 Ref7 21. Rc1 Bc8
22. c5 bxc5 23. bxc5 dxc5 24. Bb5 Rd8 25. Rfd1 Qf6 1-0

[Event "TCh-POL Ekstraliga 2018"]
[Site "Poland POL"]
[Date "2018.06.09"]
[Round "2.3"]
[Board "4"]
[White "Bartel, Michal"]
[Black "Nguyen, Piotr"]
[Result "0-1"]
[WhiteTitle "FM"]
[BlackTitle "IM"]
[WhiteElo "2360"]
[BlackElo "2397"]
[WhiteTeam "LKS Wrzos Miedzyborow"]
[BlackTeam "WIEZA PEGOW"]
[WhiteFideId "1119257"]
[BlackFideId "1127993"]
[EventDate "2018.06.08"]

1. e4 c5 2. Nf3 g6 3. c3 d5 4. exd5 Qxd5 5. d4 Bg7 6. Na3 cxd4 7. Bc4 Qe4+ 8.
Be3 Nh6 9. Nb5 O-O 10. Bd3 Qc6 11. cxd4 Na6 12. O-O Nf5 13. Bf4 Be6 14. Rc1 Qb6
15. Qa4 Bd7 16. Qb3 Bxb5 17. Qxb5 Qxb5 18. Bxb5 Nxd4 19. Nxd4 Bxd4 20. Rfe1 Bxb2
21. Rc2 Bf6 22. Bxa6 bxa6 23. Rc6 a5 24. Rec1 Rfd8 25. Ra6 Bb2 26. Rb1 Rac8 27.
h3 Rc2 28. Be3 Bc3 29. Rc6 Rb2 30. Rxb2 Bxb2 31. Bxa7 Rd1+ 32. Kh2 Rd2 33. a4
Be5+ 34. g3 Bd4 0-1

[Event "TCh-POL Ekstraliga 2018"]
[Site "Poland POL"]
[Date "2018.06.09"]
[Round "2.3"]
[Board "5"]
[White "Wcislo, Damian"]
[Black "Sliwerski, Radoslaw"]
[Result "1/2-1/2"]
[WhiteElo "2399"]
[BlackElo "2006"]
[WhiteTeam "WIEZA PEGOW"]
[BlackTeam "LKS Wrzos Miedzyborow"]
[WhiteFideId "1136828"]
[BlackFideId "1115308"]
[EventDate "2018.06.08"]

1. d4 Nf6 2. c4 e6 3. Nf3 d5 4. Nc3 Bb4 5. Qa4+ Nc6 6. e3 O-O 7. Bd2 dxc4 8.
Bxc4 Bd6 9. h3 e5 10. d5 Ne7 11. O-O h6 12. e4 Bd7 13. Bb5 a6 14. Bxd7 Nxd7 15.
Be3 f5 16. exf5 Nxf5 17. Qg4 Qe7 18. Rfe1 Qf7 19. Rad1 Rae8 20. a3 Nxe3 21. Rxe3
Re7 22. Ne4 Nf6 23. Nxf6+ Qxf6 24. b4 Qf4 25. Re4 Qxg4 26. hxg4 Ref7 27. Rd2 Rf4
28. Rde2 R8f7 29. Nd2 Rxe4 30. Nxe4 Kf8 31. f3 Rd7 32. Kf2 Be7 33. Rc2 Rxd5 34.
Rxc7 Rd3 35. Rc3 Rd4 36. Ke3 a5 37. bxa5 Ra4 38. Nc5 Rxa5 39. Nxb7 Rxa3 40. Rxa3
Bxa3 41. Ke4 Ke7 42. Kxe5 Bb4 43. Kf5 Kf7 44. Nd8+ Ke8 45. Nc6 Bc3 46. Ne5 Ke7
47. Nc4 Bd4 48. Kg6 Ke6 49. Nd2 Ke7 50. Ne4 Kf8 51. Ng3 Kg8 52. Nh5 Bc3 53. f4
Bb2 54. f5 Bc3 55. f6 gxf6 56. Nxf6+ Kh8 57. Nh5 Bd2 58. Ng3 Kg8 59. Nf5 Kh8 60.
Nxh6 Bc3 61. g5 Bd2 62. Ng4 Kg8 63. Nf6+ Kh8 64. Ne4 Be3 65. Kf7 Bxg5 66. Kg6
Be3 67. Nf6 Bf4 68. g4 Bc1 69. Nd5 Bd2 70. Kf5 Kg7 71. Nf4 Bxf4 72. Kxf4 Kf6 73.
g5+ Kg6 74. Kg4 Kg7 75. Kf5 Kf7 76. g6+ Kg7 77. Kg5 Kg8 78. Kh6 Kh8 79. g7+ 1/2-1/2

[Event "TCh-POL Ekstraliga 2018"]
[Site "Poland POL"]
[Date "2018.06.09"]
[Round "2.3"]
[Board "6"]
[White "Kulon, Klaudia"]
[Black "Majdan, Joanna"]
[Result "1/2-1/2"]
[WhiteTitle "WGM"]
[BlackTitle "WGM"]
[WhiteElo "2356"]
[BlackElo "2371"]
[WhiteTeam "LKS Wrzos Miedzyborow"]
[BlackTeam "WIEZA PEGOW"]
[WhiteFideId "1131044"]
[BlackFideId "1121979"]
[EventDate "2018.06.08"]

1. e4 c5 2. Be2 Nc6 3. f4 Nf6 4. d3 d6 5. Nf3 Nd4 6. c3 Nxe2 7. Qxe2 g6 8. O-O
Bg7 9. Kh1 O-O 10. Be3 c4 11. dxc4 Nxe4 12. Bxa7 Nxc3 13. Nxc3 Rxa7 14. Qe3 Ra6
15. Rfe1 Re8 16. b3 Bd7 17. Re2 b5 18. cxb5 Bxb5 19. Rc2 Bd7 20. Rac1 Qa8 21. a4
Qb7 22. Nd2 Bc6 23. Qf2 e5 24. fxe5 Rxe5 25. Nb5 Rf5 26. Qe2 Re5 27. Qf2 Rf5 28.
Qe2 Re5 29. Qf2 Rf5 30. Qe2 Re5 1/2-1/2

[Event "TCh-POL Ekstraliga 2018"]
[Site "Poland POL"]
[Date "2018.06.09"]
[Round "2.4"]
[Board "1"]
[White "Bartel, Mateusz"]
[Black "Nasuta, Grzegorz"]
[Result "1/2-1/2"]
[WhiteTitle "GM"]
[BlackTitle "IM"]
[WhiteElo "2602"]
[BlackElo "2490"]
[WhiteTeam "KSz Polonia Wroclaw"]
[BlackTeam "UKS Hetman Czestochowa"]
[WhiteFideId "1112635"]
[BlackFideId "1141686"]
[EventDate "2018.06.08"]

1. e4 e5 2. Nf3 Nc6 3. Bb5 a6 4. Ba4 Nf6 5. d3 d6 6. c3 g6 7. O-O Bg7 8. Be3 O-O
9. Nbd2 Re8 10. h3 h6 11. b4 d5 12. Qb1 b5 13. Bc2 Be6 14. Nb3 Nd7 15. a4 Qb8
16. d4 bxa4 17. Rxa4 Nb6 18. Nc5 exd4 19. cxd4 dxe4 20. Bxe4 Nxa4 21. Bxc6 Nxc5
22. dxc5 Rd8 23. Qe4 Qc8 24. Bxa8 Qxa8 25. Qf4 Qb7 26. Rc1 Bd5 27. Bd4 Qxb4 28.
Qxc7 Qb8 29. Qa5 Bxf3 30. Bxg7 Kxg7 31. Qc3+ Kg8 32. Qxf3 Qb2 33. Re1 Kg7 34. c6
Rc8 35. Qd5 Qc3 36. Re7 1/2-1/2

[Event "TCh-POL Ekstraliga 2018"]
[Site "Poland POL"]
[Date "2018.06.09"]
[Round "2.4"]
[Board "2"]
[White "Piesik, Piotr"]
[Black "Sadzikowski, Daniel"]
[Result "1/2-1/2"]
[WhiteTitle "FM"]
[BlackTitle "GM"]
[WhiteElo "2353"]
[BlackElo "2576"]
[WhiteTeam "UKS Hetman Czestochowa"]
[BlackTeam "KSz Polonia Wroclaw"]
[WhiteFideId "1136194"]
[BlackFideId "1132253"]
[EventDate "2018.06.08"]

1. Nf3 c5 2. e4 d6 3. Bb5+ Nd7 4. d4 cxd4 5. Qxd4 a6 6. Bxd7+ Bxd7 7. c4 Nf6 8.
Nc3 g6 9. Be3 Bg7 10. h3 O-O 11. Qd3 b5 12. O-O Qb8 13. Nd2 Bc6 14. Rfc1 Qb7 15.
f3 Nd7 16. Rc2 Rfc8 17. Rac1 Nc5 18. Qe2 b4 19. Nd5 e6 20. Nf4 a5 21. Nd3 Nd7
22. Nb3 e5 23. Nd2 f5 24. c5 d5 25. exd5 Bxd5 26. Nc4 Bxc4 27. Rxc4 Nb8 28. Bf2
Nc6 29. b3 Re8 30. Nb2 Rad8 31. Rd1 Rxd1+ 32. Nxd1 Qd7 33. Nb2 Rd8 34. Rc1 Qd2
35. Qc4+ Qd5 36. Rd1 Qxc4 37. Rxd8+ Nxd8 38. Nxc4 Nc6 39. Kf1 Kf7 40. Ke2 Ke6
41. Kd3 Bf6 42. Nb6 h5 43. Be3 e4+ 44. fxe4 Ne5+ 45. Ke2 fxe4 46. Bd4 Bg5 47.
Be3 Be7 48. Bd4 1/2-1/2

[Event "TCh-POL Ekstraliga 2018"]
[Site "Poland POL"]
[Date "2018.06.09"]
[Round "2.4"]
[Board "3"]
[White "Tazbir, Marcin"]
[Black "Paszewski, Mateusz"]
[Result "1/2-1/2"]
[WhiteTitle "GM"]
[BlackTitle "FM"]
[WhiteElo "2525"]
[BlackElo "2322"]
[WhiteTeam "KSz Polonia Wroclaw"]
[BlackTeam "UKS Hetman Czestochowa"]
[WhiteFideId "1122452"]
[BlackFideId "1141058"]
[EventDate "2018.06.08"]

1. c4 e5 2. g3 c6 3. d4 e4 4. d5 cxd5 5. cxd5 Nf6 6. Nc3 Bc5 7. Bg2 Qe7 8. Qa4
e3 9. Bxe3 Bxe3 10. fxe3 O-O 11. e4 d6 12. Nf3 Nbd7 13. Nd2 Ng4 14. Qd4 Qg5 15.
Nc4 Nde5 16. Nxe5 Nxe5 17. O-O Bd7 18. Nd1 b6 19. Qe3 Qxe3+ 20. Nxe3 Rfc8 21.
Rfc1 a5 22. Kf2 Rc5 23. Ke1 Rac8 24. Kd2 Kf8 25. b3 Ke7 26. Rc2 Kd8 27. Rac1
Rxc2+ 28. Nxc2 h6 29. a4 Ke7 30. Rh1 Rb8 31. Nd4 Rc8 32. h4 h5 33. Bh3 Bxh3 34.
Rxh3 g6 35. Rh1 Rc5 36. Rf1 Ke8 37. Nf3 Ng4 38. Ne1 Ke7 39. Rg1 Rc8 40. Nd3 Nf6
41. Nf2 Nd7 42. Rb1 Nc5 43. Ke3 Kd7 44. Kd4 1/2-1/2

[Event "TCh-POL Ekstraliga 2018"]
[Site "Poland POL"]
[Date "2018.06.09"]
[Round "2.4"]
[Board "4"]
[White "Tomaszewski, Roman"]
[Black "Wieczorek, Oskar"]
[Result "0-1"]
[WhiteTitle "IM"]
[BlackTitle "IM"]
[WhiteElo "2265"]
[BlackElo "2469"]
[WhiteTeam "UKS Hetman Czestochowa"]
[BlackTeam "KSz Polonia Wroclaw"]
[WhiteFideId "1100637"]
[BlackFideId "1133950"]
[EventDate "2018.06.08"]

1. c4 Nf6 2. Nc3 g6 3. g3 Bg7 4. Bg2 O-O 5. e3 e6 6. Nge2 d5 7. cxd5 exd5 8. O-O
Re8 9. d4 c6 10. b4 a6 11. a4 Bf5 12. Bb2 Nbd7 13. b5 Nb6 14. bxc6 bxc6 15. Bc1
Nc4 16. Nf4 Rb8 17. Nd3 Qa5 18. Ne2 Ne4 19. Ra2 h5 20. h3 Bh6 21. Ne5 Nxe5 22.
dxe5 Rxe5 23. Bb2 Re7 24. Nd4 Bd7 25. Nb3 Qb6 26. Nd4 Bg7 27. a5 Qb7 28. Ba1 c5
29. Ne2 Bxa1 30. Qxa1 Bb5 31. Rb1 Qd7 32. Nf4 Rd8 33. Rd1 Qf5 34. g4 hxg4 35.
hxg4 Qg5 36. Nh3 Qh4 37. f3 Ng5 38. Nxg5 Qxg5 39. e4 d4 40. Ra3 d3 41. Kf2 Qh4+
42. Ke3 Qg3 43. Qf6 Qxg2 44. Qxe7 Qe2+ 45. Kf4 Re8 46. Qxe8+ Bxe8 47. Raxd3 Qh2+
48. Ke3 Bb5 49. Rd5 c4 50. Rc5 Kg7 51. Rdd5 Qg1+ 52. Kf4 Qc1+ 53. Ke5 Qg5+ 54.
Kd6 Qd8+ 55. Ke5 Qf6# 0-1

[Event "TCh-POL Ekstraliga 2018"]
[Site "Poland POL"]
[Date "2018.06.09"]
[Round "2.4"]
[Board "5"]
[White "Gumularz, Szymon"]
[Black "Flis, Jacek"]
[Result "1-0"]
[WhiteTitle "IM"]
[BlackTitle "FM"]
[WhiteElo "2452"]
[BlackElo "2242"]
[WhiteTeam "KSz Polonia Wroclaw"]
[BlackTeam "UKS Hetman Czestochowa"]
[WhiteFideId "1188062"]
[BlackFideId "1100351"]
[EventDate "2018.06.08"]

1. e4 c5 2. Nf3 e6 3. d4 cxd4 4. Nxd4 Nc6 5. Nc3 a6 6. Be2 Nge7 7. Be3 Nxd4 8.
Qxd4 Nc6 9. Qb6 Qxb6 10. Bxb6 Be7 11. O-O-O O-O 12. f4 f6 13. Rd2 Nd8 14. Rhd1
d6 15. Bc4 Nf7 16. f5 exf5 17. Nd5 Bd8 18. Bxd8 Rxd8 19. Nb6 Rb8 20. Rxd6 Rf8
21. Rd8 fxe4 22. Bxf7+ Kxf7 23. Rxf8+ Kxf8 24. Rd8+ Ke7 25. Rxc8 Rxc8 26. Nxc8+
Ke6 27. Kd2 f5 28. Nb6 f4 29. Kc3 f3 30. gxf3 exf3 31. Kd2 g5 32. Ke3 g4 33. Nc4
h5 34. Kf4 b5 35. Nd2 Kf6 36. b4 Ke6 37. c3 Kd5 38. Kg5 Ke5 39. Kxh5 Kf4 40. Nf1
f2 41. Ng3 Kf3 42. Kg5 Kg2 43. Kxg4 Kxh2 44. Kf3 Kg1 45. Ke2 Kg2 46. Nf1 Kg1 47.
Ne3 1-0

[Event "TCh-POL Ekstraliga 2018"]
[Site "Poland POL"]
[Date "2018.06.09"]
[Round "2.4"]
[Board "6"]
[White "Lach, Aleksandra"]
[Black "Zawadzka, Jolanta"]
[Result "0-1"]
[WhiteTitle "WIM"]
[BlackTitle "WGM"]
[WhiteElo "2209"]
[BlackElo "2434"]
[WhiteTeam "UKS Hetman Czestochowa"]
[BlackTeam "KSz Polonia Wroclaw"]
[WhiteFideId "1134299"]
[BlackFideId "1122320"]
[EventDate "2018.06.08"]

1. e4 c5 2. Nc3 Nc6 3. g3 g6 4. Bg2 Bg7 5. d3 e6 6. Nge2 Nge7 7. Bg5 d6 8. O-O
Nd4 9. Qd2 O-O 10. Rab1 Re8 11. Nxd4 cxd4 12. Ne2 Qb6 13. Bh6 Bh8 14. Kh1 Bd7
15. c4 dxc3 16. bxc3 Qa6 17. Be3 Nc6 18. f4 Rac8 19. Bg1 Rc7 20. Rf3 Rec8 21. g4
Bg7 22. Rh3 Ne7 23. f5 exf5 24. gxf5 d5 25. Rf1 dxe4 26. dxe4 Re8 27. Bd4 Nxf5
28. exf5 Rxe2 29. Qg5 Bc6 30. Qd8+ Re8 31. Qxe8+ Bxe8 32. f6 Bf8 33. Re1 Bc6 0-1

[Event "TCh-POL Ekstraliga 2018"]
[Site "Poland POL"]
[Date "2018.06.09"]
[Round "2.5"]
[Board "1"]
[White "Wojtaszek, Radoslaw"]
[Black "Tomczak, Jacek"]
[Result "1/2-1/2"]
[WhiteTitle "GM"]
[BlackTitle "GM"]
[WhiteElo "2730"]
[BlackElo "2598"]
[WhiteTeam "Wasko HETMAN GKS Katowice"]
[BlackTeam "Akademia Szachowa ChessGrow Gliwice"]
[WhiteFideId "1118358"]
[BlackFideId "1124668"]
[EventDate "2018.06.08"]

1. d4 Nf6 2. c4 g6 3. g3 Bg7 4. Bg2 c5 5. Nf3 O-O 6. Nc3 d5 7. cxd5 Nxd5 8. Nxd5
Qxd5 9. O-O cxd4 10. Be3 Qb5 11. Bxd4 Nc6 12. Bxg7 Kxg7 13. Nd4 Qxb2 14. Nxc6
bxc6 15. Bxc6 Rb8 16. Qa4 Bh3 17. Bg2 Bxg2 18. Kxg2 Qb7+ 19. Kg1 Rfd8 20. Rfd1
Rbc8 21. Rxd8 Rxd8 22. Rd1 Rxd1+ 23. Qxd1 h5 24. Qd4+ Kg8 25. Qd8+ Kg7 26. Qd4+
Kg8 27. Qd8+ Kg7 28. Qd4+ Kg8 1/2-1/2

[Event "TCh-POL Ekstraliga 2018"]
[Site "Poland POL"]
[Date "2018.06.09"]
[Round "2.5"]
[Board "2"]
[White "Czarnota, Pawel"]
[Black "Navara, David"]
[Result "0-1"]
[WhiteTitle "GM"]
[BlackTitle "GM"]
[WhiteElo "2546"]
[BlackElo "2727"]
[WhiteTeam "Akademia Szachowa ChessGrow Gliwice"]
[BlackTeam "Wasko HETMAN GKS Katowice"]
[WhiteFideId "1121219"]
[BlackFideId "309095"]
[EventDate "2018.06.08"]

1. e4 c5 2. Nf3 d6 3. Bb5+ Nd7 4. d4 cxd4 5. Qxd4 a6 6. Bxd7+ Bxd7 7. Nc3 e5 8.
Qd3 Rc8 9. O-O h6 10. a4 Nf6 11. Rd1 Be7 12. Nd2 Bg4 13. Re1 O-O 14. Nc4 Be6 15.
Ne3 Qc7 16. Rd1 Rfd8 17. Bd2 Bc4 18. Nxc4 Qxc4 19. Be3 b5 20. axb5 axb5 21. Ra7
Bf8 22. Nd5 Nxd5 23. Qxd5 Qxd5 24. Rxd5 Rxc2 25. Rxb5 f5 26. g3 fxe4 27. b4 Rb2
28. Rbb7 Rc8 29. h4 Kh8 30. Ra5 h5 31. Kg2 Kh7 32. g4 Kg6 33. Kg3 Rb1 34. gxh5+
Kxh5 35. b5 Re8 36. Bg5 d5 37. Rd7 d4 38. Rd5 Kg6 39. Ra7 Kf5 40. Ra6 e3 41.
fxe3 Ke4 42. Rd7 dxe3 43. Ra4+ Rb4 44. Ra3 Bc5 45. Rxg7 Rf8 46. Kg4 e2 47. Bd2
Rd4 0-1

[Event "TCh-POL Ekstraliga 2018"]
[Site "Poland POL"]
[Date "2018.06.09"]
[Round "2.5"]
[Board "3"]
[White "Miton, Kamil"]
[Black "Olszewski, Michal"]
[Result "0-1"]
[WhiteTitle "GM"]
[BlackTitle "GM"]
[WhiteElo "2604"]
[BlackElo "2529"]
[WhiteTeam "Wasko HETMAN GKS Katowice"]
[BlackTeam "Akademia Szachowa ChessGrow Gliwice"]
[WhiteFideId "1111914"]
[BlackFideId "1121251"]
[EventDate "2018.06.08"]

1. d4 Nf6 2. Bg5 e6 3. e4 h6 4. Bxf6 Qxf6 5. c3 d6 6. Bd3 e5 7. Ne2 g6 8. O-O
Bg7 9. f4 Qe7 10. f5 O-O 11. Nd2 Nd7 12. Qb3 Kh7 13. Rae1 Nf6 14. Kh1 b6 15. Ng1
g5 16. Nc4 g4 17. Ne3 c6 18. Qd1 h5 19. Ne2 Bh6 20. Nc1 Rg8 21. Bc2 Ba6 22. Rg1
g3 23. h3 Bxe3 24. Rxe3 Ng4 25. Rf3 Nf2+ 0-1

[Event "TCh-POL Ekstraliga 2018"]
[Site "Poland POL"]
[Date "2018.06.09"]
[Round "2.5"]
[Board "4"]
[White "Warakomski, Tomasz"]
[Black "Socko, Bartosz"]
[Result "1/2-1/2"]
[WhiteTitle "GM"]
[BlackTitle "GM"]
[WhiteElo "2505"]
[BlackElo "2588"]
[WhiteTeam "Akademia Szachowa ChessGrow Gliwice"]
[BlackTeam "Wasko HETMAN GKS Katowice"]
[WhiteFideId "1124552"]
[BlackFideId "1107038"]
[EventDate "2018.06.08"]

1. e4 e6 2. d4 d5 3. Nc3 Nf6 4. Bg5 Be7 5. e5 Nfd7 6. Bxe7 Qxe7 7. f4 a6 8. Nf3
c5 9. Qd2 Nc6 10. dxc5 O-O 11. Bd3 Nxc5 12. O-O f5 13. exf6 Qxf6 14. g3 Bd7 15.
Rae1 Rad8 16. Qf2 b6 17. Ng5 Nxd3 18. cxd3 e5 19. Nxd5 Qd6 20. Nxb6 exf4 21.
Nxd7 Rxd7 22. Ne6 Rf6 23. Nxf4 h6 24. Re8+ Kf7 25. Rfe1 Ne7 26. Ra8 g5 27. Re6
Qxe6 28. Nxe6 Rxf2 29. Kxf2 Kxe6 30. Rxa6+ Kf5 31. Rxh6 Rxd3 32. Ke2 Rd4 33. Ke3
Rd8 34. h3 Ke5 35. g4 Nd5+ 36. Kd3 Nf4+ 37. Kc2 Rc8+ 38. Kb3 Ne2 39. h4 Nc1+ 40.
Kb4 Nxa2+ 41. Ka3 Ra8+ 42. Kb3 Nc1+ 43. Kc2 Rc8+ 44. Kd2 Ke4 45. hxg5 Nb3+ 46.
Ke1 Nd4 47. Ra6 Rc2 48. g6 Rg2 49. b4 Nc2+ 50. Kf1 Ne3+ 51. Ke1 Rxg4 52. b5 Rg1+
53. Kd2 Nc4+ 54. Kc3 Kd5 55. Rf6 Nd6 56. Kb4 Rb1+ 57. Ka4 Kc5 58. Rf2 Rb4+ 59.
Ka3 Nxb5+ 60. Ka2 Rg4 61. Kb3 Rg3+ 62. Kc2 Nd4+ 63. Kd2 Kc4 64. Rf8 Rg2+ 65. Ke1
Kd3 66. Kf1 Rxg6 67. Re8 Ne6 68. Kf2 Rf6+ 69. Kg3 Ke4 70. Re7 Kd4 71. Kg4 Kd5
72. Kg3 Nc5 73. Kg4 Rf8 74. Re1 Nd3 75. Ra1 Nf2+ 76. Kg5 Ne4+ 77. Kg4 Nc3 78.
Re1 Kd4 79. Re7 Nd5 80. Re1 Nf6+ 81. Kg5 Ne4+ 82. Kg6 Ke5 83. Ra1 Rf6+ 84. Kg7
Rf2 85. Ra5+ Ke6 86. Ra6+ Nd6 87. Kg6 Rg2+ 88. Kh5 Ke5 89. Ra5+ Kf4 90. Ra4+ Ne4
91. Kh6 Rg1 92. Rb4 Kf5 93. Rb5+ Ke6 94. Kh5 Kf6 95. Rb6+ Kf5 96. Rb5+ Kf4 97.
Rb4 Ke5 98. Rb5+ Ke6 99. Rb6+ Nd6 100. Ra6 Rg8 101. Kh4 Ke5 102. Ra5+ Kf4 103.
Ra4+ Ne4 104. Kh5 Rg5+ 105. Kh6 Rc5 106. Ra1 Rc6+ 107. Kg7 Ke5 108. Re1 Ra6 109.
Kf7 Ra2 110. Kg7 Kf5 111. Rf1+ Ke6 112. Rg1 Rb2 113. Kg6 Rb5 114. Kg7 Re5 115.
Rg6+ Ke7 116. Ra6 Nd6 117. Kg6 Ke6 1/2-1/2

[Event "TCh-POL Ekstraliga 2018"]
[Site "Poland POL"]
[Date "2018.06.09"]
[Round "2.5"]
[Board "5"]
[White "Bulski, Krzysztof"]
[Black "Szelag, Marcin"]
[Result "1-0"]
[WhiteTitle "GM"]
[BlackTitle "IM"]
[WhiteElo "2535"]
[BlackElo "2421"]
[WhiteTeam "Wasko HETMAN GKS Katowice"]
[BlackTeam "Akademia Szachowa ChessGrow Gliwice"]
[WhiteFideId "1121499"]
[BlackFideId "1112228"]
[EventDate "2018.06.08"]

1. d4 Nf6 2. c4 g6 3. Nc3 Bg7 4. e4 d6 5. Bd3 O-O 6. Nge2 Nc6 7. O-O e5 8. d5
Nd4 9. Nxd4 exd4 10. Ne2 Re8 11. Bg5 c5 12. f4 Qc7 13. Bxf6 Bxf6 14. Ng3 Bd7 15.
Qf3 Bg7 16. Rae1 Rad8 17. e5 dxe5 18. fxe5 Rxe5 19. Qxf7+ Kh8 20. Qf4 Rde8 21.
Rxe5 Bxe5 22. Qh4 Kg8 23. Ne4 Bf5 24. d6 Qg7 25. g4 Be6 26. Nxc5 Bxd6 27. Nxe6
Rxe6 28. Qd8+ Bf8 29. c5 Qe7 30. Qd5 Kg7 31. Qxd4+ Re5 32. b4 Kh6 33. Rxf8 Qxf8
34. Qxe5 1-0

[Event "TCh-POL Ekstraliga 2018"]
[Site "Poland POL"]
[Date "2018.06.09"]
[Round "2.5"]
[Board "6"]
[White "Warakomska, Anna"]
[Black "Socko, Monika"]
[Result "0-1"]
[WhiteTitle "WIM"]
[BlackTitle "GM"]
[WhiteElo "2349"]
[BlackElo "2458"]
[WhiteTeam "Akademia Szachowa ChessGrow Gliwice"]
[BlackTeam "Wasko HETMAN GKS Katowice"]
[WhiteFideId "1130790"]
[BlackFideId "1106619"]
[EventDate "2018.06.08"]

1. e4 e6 2. d4 d5 3. Nc3 Bb4 4. e5 Ne7 5. a3 Bxc3+ 6. bxc3 b6 7. Qg4 Ng6 8. h4
h5 9. Qd1 c5 10. Bb5+ Bd7 11. Bd3 Ba4 12. Bg5 Qc7 13. Nf3 cxd4 14. cxd4 Qc3+ 15.
Kf1 Nc6 16. Qc1 Na5 17. Bd2 Qc6 18. Bxa5 bxa5 19. g3 Rc8 20. Kg2 Bxc2 21. Bxc2
Qxc2 22. Qxc2 Rxc2 23. Rhc1 Rxc1 24. Rxc1 Kd7 25. Rc5 Ne7 26. Rxa5 Nc6 27. Rb5
Rc8 28. Kf1 Nd8 29. Nd2 Rc1+ 30. Ke2 Ra1 31. Rb3 Nc6 32. Ke3 Kc7 33. Rc3 a5 34.
Nf3 f6 35. Kf4 Ra2 36. Ke3 a4 37. Rd3 Kd7 38. exf6 gxf6 39. Nd2 Kd6 40. f4 Na5
41. Rc3 Nb3 42. Nf3 Rxa3 43. Ne1 Ra1 44. Nd3 Rg1 45. Kf2 Rb1 46. Nc5 Rb2+ 47.
Ke3 Nxc5 48. Rxc5 Rb3+ 49. Kf2 Rd3 50. Ra5 Rxd4 51. Ra6+ Ke7 52. Ra7+ Kf8 53.
Ke3 Rb4 54. Kd2 Rb2+ 55. Kc3 Rb3+ 56. Kd4 Rxg3 57. f5 Rg4+ 58. Kc5 exf5 59. Kxd5
Re4 60. Rh7 a3 61. Ra7 Re3 62. Kd4 f4 63. Ra5 Kg7 64. Ra7+ Kg6 65. Ra5 Rb3 66.
Kc4 f3 0-1

[Event "TCh-POL Ekstraliga 2018"]
[Site "Poland POL"]
[Date "2018.06.10"]
[Round "3.1"]
[Board "1"]
[White "Tomczak, Jacek"]
[Black "Mista, Aleksander"]
[Result "1-0"]
[WhiteTitle "GM"]
[BlackTitle "GM"]
[WhiteElo "2598"]
[BlackElo "2599"]
[WhiteTeam "Akademia Szachowa ChessGrow Gliwice"]
[BlackTeam "KSz Miedz Legnica"]
[WhiteFideId "1124668"]
[BlackFideId "1110381"]
[EventDate "2018.06.08"]

1. e4 c5 2. Nf3 d6 3. d4 cxd4 4. Nxd4 Nf6 5. Nc3 g6 6. Be3 Bg7 7. f3 Nc6 8. Qd2
O-O 9. Nb3 Be6 10. O-O-O a5 11. a4 Rc8 12. Kb1 Ne5 13. Nd4 Bc4 14. b3 Bxf1 15.
Rhxf1 Nc6 16. Ndb5 Nb4 17. Rc1 d5 18. e5 Ne8 19. f4 f6 20. Bd4 e6 21. Qe3 fxe5
22. fxe5 Rxf1 23. Rxf1 Qd7 24. h4 Nc6 25. Ne2 Nxd4 26. Nexd4 Bf8 27. Qf4 Ng7 28.
g4 Bc5 29. Nd6 Bxd6 30. exd6 Rd8 31. h5 e5 32. Qxe5 Qxd6 33. Qe1 Re8 34. Qxa5
gxh5 35. gxh5 Qe5 36. Qb6 Nxh5 37. Nf5 Kh8 38. Nd6 Qe6 39. Nxe8 1-0